000 00804nam a2200205Ia 4500
999 _c34462
_d34462
001 211
003 GE_BSU
005 20200127171111.0
008 181216s2007||||ge |||||||||||||| ||geo||
020 _a9789994085606
040 _cGE_BSU
041 _ageo
080 _a502(075.8) ბ-27
100 _aბარნაველი, ნანა
_96418
245 _aბუნებისმცოდნეობა 2.მითითებები :
_bმასწავლებლებისა და მშობლებისათვის /
_cნანა ბარნაველი.
264 _aთბილისი :
_bბუნება პრინტი,
_c2007.
300 _a195 გვ.;
_b28 სმ.
653 _aბუნებისმცოდნეობა
942 _cBK
_2udc